| 000 | 00532nam a22001937a 4500 | ||
|---|---|---|---|
| 003 | OSt | ||
| 005 | 20180116183037.0 | ||
| 008 | 160216b xxu||||| |||| 00| 0 eng d | ||
| 020 | _a978178151485 | ||
| 040 | _c0 | ||
| 082 | _a658.15 CIMA 2014 | ||
| 100 | _aCIMA | ||
| 110 | _aCIMA | ||
| 245 |
_aCIMA E.Kit F 2 Advanced Financial Reporting _bCIMA Official Exam Practice Kit _cCIMA |
||
| 260 |
_aUK _bKAPLAN Publishing _c2014 |
||
| 300 |
_a112 p. _bPB |
||
| 440 | _aCIMA E.Kit F 2 Advanced Financial Reporting | ||
| 942 |
_2ddc _cBK |
||
| 999 |
_c351157 _d351157 |
||